Физика и техника сильных магнитных полей: ( сборник рефератов ) 1873 - 1968 гг.

Dettagli Bibliografici
Autore principale: Смирнов С. А.
Altri autori: Георгиевский А. В., Юштина В. М.
Lingua:russo
Pubblicazione: Москва, Атомиздат, 1970
Edizione:2-е изд.
Soggetti:
Natura: MixedMaterials Libro
KOHA link:https://koha.lib.tpu.ru/cgi-bin/koha/opac-detail.pl?biblionumber=98855

MARC

LEADER 00000nam0a2200000 4500
001 98855
005 20231101214219.0
035 |a (RuTPU)RU\TPU\book\105998 
090 |a 98855 
100 |a 20060623d1970 k y0rusy50 ca 
101 0 |a rus 
102 |a RU 
105 |a y a 001zy 
200 1 |a Физика и техника сильных магнитных полей  |e ( сборник рефератов ) 1873 - 1968 гг.  |f С. А. Смирнов, А. В. Георгиевский, В. М. Юштина 
205 |a 2-е изд. 
210 |a Москва  |c Атомиздат  |d 1970 
215 |a 220 с. 
320 |a Имен. указ.: с. 213 - 219 
606 1 |a Магнитное поле, сверхсильное  |2 stltpush  |3 (RuTPU)RU\TPU\subj\40796  |9 60627 
610 1 |a рефераты 
610 1 |a физика 
610 1 |a техника 
610 1 |a магнитные поля 
675 |a 537.611(048)  |v 3 
686 |a Я19:537  |v LBC/SL-A  |2 rubbk 
700 1 |a Смирнов  |b С. А. 
701 1 |a Георгиевский  |b А. В. 
701 1 |a Юштина  |b В. М. 
801 1 |a RU  |b 63413507  |c 20060623  |g PSBO 
801 2 |a RU  |b 63413507  |c 20190926  |g PSBO 
942 |c BK